Statistics for Navy Flags

Click here to take the quiz!

General Stats

  • This quiz has been taken 3 times
  • The average score is 6 of 26

Answer Stats

HintAnswer% Correct
bbravo
100%
ffoxtrot
100%
aalfa
50%
ccharlie
50%
ddelta
50%
eecho
50%
jjuliet
50%
ppapa
50%
rromeo
50%
ssierra
50%
ggolf
0%
hhotel
0%
iindia
0%
kkilo
0%
llima
0%
mmike
0%
nnovember
0%
ooscar
0%
qquebec
0%
ttango
0%
uuniform
0%
vvictor
0%
wwhiskey
0%
xxray
0%
yyankee
0%
zzulu
0%

Score Distribution

Percentile by Number Answered

Percent of People with Each Score

Your Score History

You have not taken this quiz